Word Ladder: Billiard Attire Quiz Stats

 Plays Quiz Updated Dec 17, 2016

Support Sporcle.
Go Orange.
Score 0/20 Timer 02:00
1 Play Today
Clue 4-Letter Word % Correct
Santa lives at the 'North' onePOLE
98.6%
Voting locationPOLL
96.4%
Money levied to get someone out of jailBAIL
93.4%
Sticky adhesive stripTAPE
92.5%
A nuisance is a '___ in the neck'PAIN
92%
Bundle of hay or cottonBALE
90.6%
Light before sunupDAWN
90.6%
Top-billed act is known as: The ___ eventMAIN
90.4%
B or O, at a blood bankTYPE
90.4%
It is usually junk or billsMAIL
90.4%
Clue 4-Letter Word % Correct
Lowest ranked chessmanPAWN
90.4%
Pet's toy•BALL•
89.4%
Charlie Daniels Band: 'The Devil Went ___ to Georgia'DOWN
88.7%
'Star Wars Episode IV: A New ___'HOPE
88.6%
Grad uniform: Cap and ___•GOWN•
87.6%
Casting director's handoutROLE
87.5%
Snag with a lassoROPE
86.6%
'Cautionary' accountTALE
85.3%
Media promotion or talkHYPE
84.7%
Marco Polo play spot•POOL•
84.2%

Today's Daily Dose

Missing Word
'Y-Z' Pairs

Quick Pick
MCU Directors

You're not logged in!

Compare scores with friends on all Sporcle quizzes.
OR
Log In
Forgot?

From the Vault

Interrogative Music

by BetterThanKate

These songs are asking all the right questions.
Remove Ads.
Support Sporcle.
Get the best of Sporcle when you Go Orange. This ad-free experience offers more features, more stats, and more fun while also helping to support Sporcle. Thank you for becoming a member.

Show Comments

Extras

Top Quizzes Today


Score Distribution

Your Account Isn't Verified!

In order to create a playlist on Sporcle, you need to verify the email address you used during registration. Go to your Sporcle Settings to finish the process.

Report this User

Report this user for behavior that violates our Community Guidelines.

Details: